000 00796cab a2200205 4500
001 ABS41131
008 090401t1989 xxu||||| |||| 00| 0 eng d
035 _a(Sirsi) u28372
041 _aeng
100 _aWood, C.
245 _aEnvironmental assessment: challenge and opportunity
260 _c1989
350 _a0
490 _aPlanner
_v75(11) 7 July 1989, 12-18(7)
520 _aExamines the background to the incorporation of environmental impact assessment into British planning law and assesses the implications of the Town and Country Planning (Assessment of Environmental Effects) Regulations 1988 and the accompanying DOE Circular 15/88 for planning practice. References.
690 _aPLANNING LAW AND PRACTICE
700 _aMcDonic, G.
942 _n0
948 _c04/03/1997
999 _c19113
_d19113